Cantos de la colmena : talleres literarios de Ethel Krauze y Edmundo Valadés /
Antología de textos trabajados por los alumnos del Taller de Iniciación a la Literatura, coordinado por Ethel Krauze, y el Taller de Cuento, coordinado por Edmundo Valadés.
Furkejuvvon:
| Searvvušdahkkit: | , |
|---|---|
| Eará dahkkit: | , |
| Materiálatiipa: | Girji |
| Giella: | espánnjágiella |
| Almmustuhtton: |
México :
Instituto Nacional de Bellas Artes : UNAM : Instituto de Seguridad y Servicios Sociales de los Trabajadores del Estado,
1987, c1987
|
| Ráidu: | (Piedra de Fundación ;
5) |
| Fáttát: | |
| Fáddágilkorat: |
Eai fáddágilkorat, Lasit vuosttaš fáddágilkora!
|
MARC
| LEADER | 00000nam^a2200000^a^4500 | ||
|---|---|---|---|
| 001 | 000278777 | ||
| 005 | 20250521000000.0 | ||
| 009 | 20260310111415.224 | ||
| 020 | |a 968-36-0034-4 | ||
| 025 | |a Donación sin dato, 1 ejemplar | ||
| 037 | |a Acervo ITESO - Biblioteca | ||
| 041 | |a ESP | ||
| 082 | |a 868. |b CAN V. 2 | ||
| 110 | |a Taller de Iniciación a la Literatura | ||
| 240 | 1 | 1 | |a [Cantos de la colmena] |
| 245 | 1 | 0 | |a Cantos de la colmena : |b talleres literarios de Ethel Krauze y Edmundo Valadés / |c Presen. de E. Krauze, E. Valadés. |
| 264 | 4 | |a México : |b Instituto Nacional de Bellas Artes : |b UNAM : |b Instituto de Seguridad y Servicios Sociales de los Trabajadores del Estado, |c 1987, c1987 | |
| 300 | |a 193 p. | ||
| 336 | |a texto |b txt |2 rdacontenido | ||
| 337 | |a sin mediación |b n |2 rdamedio | ||
| 338 | |a volumen |b nc |2 rdasoporte | ||
| 440 | 1 | |a (Piedra de Fundación ; |v 5) | |
| 520 | |a Antología de textos trabajados por los alumnos del Taller de Iniciación a la Literatura, coordinado por Ethel Krauze, y el Taller de Cuento, coordinado por Edmundo Valadés. | ||
| 649 | |a XX | ||
| 650 | |a Poesía Mexicana | ||
| 650 | |a Cuentos Mexicanos | ||
| 650 | |a Literatura Mexicana - |y Siglo XXI | ||
| 710 | |a Instituto de Seguridad y Servicios Sociales de los Trabajadores del Estado (México). |b Subdirección de Acción Cultural. Taller de Cuento | ||
| 700 | |a Krauze, Ethel |e (presentación) | ||
| 700 | |a Valadés, Edmundo |e (presentación) | ||
| 910 | |a Fondo General | ||
| 920 | |a Impresos - Libros | ||
| 930 | |a Colección General | ||
| 940 | |a Literatura | ||
| 905 | |a 101 | ||
| 901 | |a 0500164187 |b IT1 |c LIT |i D |u 20250521 | ||
| 902 | |a https://opac.biblio.iteso.mx/vufind/Record/000278777 | ||